01058nas a2200253Ia 4500001001100000003000900011008004100020040001300061040001300074041001300087100004600100210001200146222001200158245010300170250001100273260002200284501008600306300002000392362003400412500026000446650004300706700002600749700002900775R142/F1975IT-RoPAU151124c99999999xx |||||||||||| ||und|| aIT-RoPAU cIT-RoPAU aFRANCESE aCassier MauricegCodice Aut. SPICS: 50731 aRESEAUX aReseaux aRESEAUX, N.088/089 (MARZO/GIUGNO 1998)bDroit Et Appropriation Dans Le Domaine Des Biotechnologies a1a ed. aPARISbCNETc1998 bPaulus - SPICS - Società San Paolo EM (non-commercial uses only)cCopyright2015 a15 p. [107-121] aN.088/089 (MARZO/GIUGNO 1998) aDiritto e Appropriazione nel Campo Delle Biotecnologie: Alcune Note Sull'Evoluzione Recente dei Fatti. Appropriazione del Vivente. Pratiche di Appropriazione della Scienza nel Campo Genomico. Ridefinizione della Frontiera tra Dominio Pubblico e Privato de aCOMUNICAZIONEvPUBBLICAZIONE PERIODICA aGaudilliere Jean-Paul gCodice Aut. SPICS: 50732